| 000 | 00409cam a2200169ua 4500 | ||
|---|---|---|---|
| 020 | _c130.00 | ||
| 041 |
_amal _h |
||
| 082 |
_a894.812865 _bPOT/TH |
||
| 100 | _aPottekatt, S.K . | ||
| 245 |
_aOru theruvinte kadha / _cS.K Pottekkatt. _hTextual Documents |
||
| 260 |
_aKottayam : _bD C Books , _c2005. |
||
| 300 | _a ; . | ||
| 365 | _a130.00 | ||
| 504 | _a | ||
| 942 | _cBK | ||
| 999 |
_c13551 _d13551 |
||